| 000 | 00454 a2200169 4500 | ||
|---|---|---|---|
| 041 | _aEnglish | ||
| 082 | _aCD5791 | ||
| 100 | _aJoshi, Gopal Datt | ||
| 245 | _aEffectiveness of using technology in teaching short stories | ||
| 260 |
_aKathmandu _c2011 |
||
| 502 |
_aDissertation _bDegree in Education _cT.U. _d2011 |
||
| 650 | _aForeign language | ||
| 650 | _aLanguage skills | ||
| 650 | _aLanguage teaching | ||
| 653 | _aTeaching | ||
| 942 |
_2ddc _cVM |
||
| 999 |
_c62141 _d62129 |
||